00594nam a22001817a 450000500170000001000150001702000260003203500130005803700130007108200150008410000260009924500890012526000420021427000720025630000230032850000410035170000200039220140905105418.0 aENG-110745 a9788183874960c995.00 aEN-94277 bDBAD/PUB a320.954123 aVerma, Ravindra Kumar ae-Panchayats in India :cby Ravindra Kumar Verma [and] Archana Kumaribsome facets / aNew DelhibSerials Publicationsc2012 a4830/24, Prahlad Street, Ansari Road, Darya GanjbNew Delhie110002 ax,289p. c22cm(Hb) aIncludes bibliographical references  aArchana Kumari